000 00460nam a2200181Ia 4500
008 240729s9999 xx 000 0 und d
022 _a1539-7262
245 0 _aJournal of Lipid Research
260 _aUnited States
260 _bElsevier
650 _a Biochemistry
650 _a Chemistry
650 _a Organic chemistry
650 _aScience
856 _uhttps://doaj.org/toc/6786330886d840f791356ad993763edf
942 _2ddc
942 _cDOAJEJ
999 _c71920
_d71920
945 _a1
_bMadushi Gamage
_c1
_dMadushi Gamage